000 00681nam a2200289Ia 4500
005 20260324111755.0
008 008 260324s9999 xx 000 0 eng d
020 _a9781032665290
037 _aEBOOK
040 _aCRL
040 _beng
040 _cCRL
041 _2eng
041 _aeng
084 _qCRL
100 _aMutegi Mbae; Nnamdi Nwulu
_91139960
245 0 _aPower Systems 4.0
245 0 _bCurrent Trends and Future Outlook
260 _bTaylor and Francis
260 _c2025
365 _a
365 _b195
856 _uhttp://www.taylorfrancis.com/books/9781032665290
942 _cEBOOK
999 _c1728879
_d1728879